Qualitative research and hypermedia : ethnography for the digital age

Αποθηκεύτηκε σε:
Λεπτομέρειες βιβλιογραφικής εγγραφής
Άλλοι συγγραφείς: Dicks, Bella
Μορφή: Βιβλίο
Γλώσσα:English
Δημοσίευση: Thousand Oaks, CA : SAGE Publications, 2005
Σειρά:New technologies for social research
Θέματα:
Ετικέτες: Προσθήκη ετικέτας
Δεν υπάρχουν, Καταχωρήστε ετικέτα πρώτοι!

MARC

LEADER 00000nam a2200000 i 4500
001 1/54397
008 070910s2005 eng d
020 |a 978-0-7619-6097-3 (hbk.) 
020 |a 0-7619-6097-X (hbk.) 
035 |l 10090562 
040 |a GR-MY-UA  |b gre  |e aacr 
041 0 |a eng 
082 0 |a 305.800723  |2 (22) 
245 1 0 |a Qualitative research and hypermedia :  |b ethnography for the digital age /  |c Bella Dicks ... [και ά.] 
260 |a Thousand Oaks, CA :   |b SAGE Publications,   |c 2005 
300 |a vi, 200 σ.;  |c 24 εκ. 
490 1 |a New technologies for social research 
504 |a Βιβλιογραφία: σ. 184-193 
504 |a Ευρετήριο: σ. 197-200 
650 0 0 |a Ethnology  |x Research  |x Methodology. 
650 0 0 |a Multimedia systems. 
650 0 0 |a Ethnology  |x Computer network resources. 
700 1 |a Dicks, Bella. 
830 0 |a New technologies for social research 
852 |a INST  |b LESVOS  |e 20070910  |h 305.800723 QUA  |p 005100041150  |q 005100041150  |t BK  |y 0 
901 |a BIBL1-2007-3 
909 |a Λ  |b 138363 
922 |a 1ΕΛΗ  |b 200707  |c ΕΠΕΑΕΚ2/ΠΤΕ  |d ΠΑΠΑΣΩΤΗΡΙΟΥ 
970 |a ΚΑΡΑ  |b ΓΙΑΣΕΜΗ  |z 2007/09/10